000 00325cam a2200133ua 4500
041 _amal
_h
082 _a894.8121
_bRAJ/KR
100 _aRaja Raja Varma, Vadakkumkoor .
245 _aKrishnagatha /
_cVadakkumkoor Raja Raja Varma.
_hTextual Documents
300 _a37 ; .
504 _a
942 _cBK
999 _c7230
_d7230